Imiona nadane chłopcom w 2008 roku - Statystyki

Ogólne statystyki
  • Ten quiz został rozwiązany 33 razy
  • Średni wynik to 69 z 100
Statystyki odpowiedzi
Hint Odpowiedź % Poprawnych
F Filip
95%
J Jakub
95%
J Jan
95%
K Kamil
95%
M Maciej
95%
S Szymon
95%
B Bartosz
91%
K Kacper
91%
M Michał
91%
K Karol
86%
Ł Łukasz
86%
M Mateusz
86%
P Paweł
86%
P Piotr
86%
T Tomasz
86%
W Wiktor
86%
A Adam
82%
A Antoni
82%
D Damian
82%
D David
82%
D Dawid
82%
D Dominik
82%
E Eryk
82%
H Hubert
82%
K Krzysztof
82%
M Marcin
82%
M Marek
82%
M Miłosz
82%
O Oscar
82%
O Oskar
82%
A Adrian
77%
A Aleks
77%
A Alex
77%
A Andrzej
77%
B Bartłomiej
77%
F Franciszek
77%
G Gabriel
77%
I Igor
77%
K Kuba
77%
M Maksymilian
77%
M Mikołaj
77%
P Patryk
77%
R Rafał
77%
S Stanisław
77%
A Aleksander
73%
A Alexander
73%
D Daniel
73%
G Grzegorz
73%
M Marcel
73%
M Mariusz
73%
N Natan
73%
N Nikodem
73%
O Oliver
73%
O Olivier
73%
O Oliwier
73%
R Robert
73%
W Wojciech
73%
D Dariusz
68%
E Emil
68%
I Ignacy
68%
K Kornel
68%
K Krystian
68%
P Przemysław
68%
T Tymon
68%
A Arkadiusz
64%
C Cezary
64%
L Leon
64%
N Nataniel
64%
N Norbert
64%
S Sebastian
64%
T Tymoteusz
64%
A Artur
59%
C Cyprian
59%
J Jacek
59%
J Jarosław
59%
J Julian
59%
K Konrad
59%
R Radosław
59%
A Alan
55%
B Błażej
55%
F Fabian
55%
O Olaf
55%
B Bruno
50%
K Kajetan
50%
W Witold
50%
B Borys
45%
D Dorian
45%
J Juliusz
45%
K Kevin
45%
R Remigiusz
45%
T Tobiasz
45%
B Brajan
41%
G Gracjan
41%
K Ksawery
41%
A Albert
36%
M Marceli
36%
S Samuel
36%
S Seweryn
32%
J Jędrzej
27%
K Kryspin
9%
Nie znaleziono quizów pasujących do podanych kryteriów
Rozkład punktacji
Procent ludzi z każdym wynikiem
Percentyl według liczby udzielonych odpowiedzi
Twoja historia wyników
Nie rozwiązałeś tego quizu